Library Banner

Ayatulla Khamenei qasam say qasam tak/ (Record no. 99008)

MARC details
000 -LEADER
fixed length control field 00415nam a22001457a 4500
005 - DATE AND TIME OF LATEST TRANSACTION
control field 20171010113759.0
008 - FIXED-LENGTH DATA ELEMENTS--GENERAL INFORMATION
fixed length control field 171010b xxu||||| |||| 00| 0 eng d
040 ## - CATALOGING SOURCE
Transcribing agency PK-LaUMT
082 ## - DEWEY DECIMAL CLASSIFICATION NUMBER
Classification number PKAC 297.82092
Item number MUR-A
100 ## - MAIN ENTRY--PERSONAL NAME
Personal name Mutaza Hussain
245 ## - TITLE STATEMENT
Title Ayatulla Khamenei qasam say qasam tak/
Statement of responsibility, etc Mutaza Hussain
260 ## - PUBLICATION, DISTRIBUTION, ETC. (IMPRINT)
Place of publication, distribution, etc لاہور:
Name of publisher, distributor, etc امامیہ پبلیکیشنز،ق
Date of publication, distribution, etc [ ]
300 ## - PHYSICAL DESCRIPTION
Extent 568ص
942 ## - ADDED ENTRY ELEMENTS (KOHA)
Koha item type Books
Holdings
Withdrawn status Lost status Damaged status Home library Current library Date acquired Full call number Barcode Date last seen Price effective from Koha item type
      UMT Main Campus UMT Main Campus 2017-10-10 PKAC 297.82092 MUR-A 114852 2017-10-10 2017-10-10 Books